<?xml version="1.0" encoding="UTF-8"?>
<record
    xmlns:xsi="http://www.w3.org/2001/XMLSchema-instance"
    xsi:schemaLocation="http://www.loc.gov/MARC21/slim http://www.loc.gov/standards/marcxml/schema/MARC21slim.xsd"
    xmlns="http://www.loc.gov/MARC21/slim">

  <leader>01338nam a2200289 i 4500</leader>
  <controlfield tag="003">DO-SdBNP</controlfield>
  <controlfield tag="005">20251127131806.0</controlfield>
  <controlfield tag="007">ta</controlfield>
  <controlfield tag="008">090708s1999    dr            000 0 spa d</controlfield>
  <datafield tag="040" ind1=" " ind2=" ">
    <subfield code="a">DO-SdBNP</subfield>
    <subfield code="b">spa</subfield>
    <subfield code="c">BNPHU</subfield>
    <subfield code="e">rda</subfield>
  </datafield>
  <datafield tag="041" ind1=" " ind2=" ">
    <subfield code="a">spa</subfield>
  </datafield>
  <datafield tag="082" ind1=" " ind2=" ">
    <subfield code="a">621.3</subfield>
    <subfield code="b">G643f</subfield>
    <subfield code="2">22</subfield>
  </datafield>
  <datafield tag="100" ind1="1" ind2=" ">
    <subfield code="a">Gonz&#xE1;lez, Ricardo</subfield>
    <subfield code="e">autor</subfield>
    <subfield code="9">10503</subfield>
  </datafield>
  <datafield tag="245" ind1="1" ind2="0">
    <subfield code="a">Fundamentos de ingenier&#xED;a el&#xE9;ctrica :</subfield>
    <subfield code="b">manual de pr&#xE1;cticas /</subfield>
    <subfield code="c">Ricardo Gonz&#xE1;lez, Giuseppe Sbriz Zeitun</subfield>
  </datafield>
  <datafield tag="264" ind1=" " ind2=" ">
    <subfield code="a">Santo Domingo :</subfield>
    <subfield code="b">Instituto T&#xE9;cnologico de Santo Domingo,</subfield>
    <subfield code="c">1999.</subfield>
  </datafield>
  <datafield tag="300" ind1=" " ind2=" ">
    <subfield code="a">55 p&#xE1;ginas :</subfield>
    <subfield code="c">28 cm.</subfield>
  </datafield>
  <datafield tag="336" ind1=" " ind2=" ">
    <subfield code="a">rdacontent</subfield>
    <subfield code="b">texto</subfield>
    <subfield code="2">txt</subfield>
  </datafield>
  <datafield tag="337" ind1=" " ind2=" ">
    <subfield code="a">rdamedia</subfield>
    <subfield code="b">sin mediaci&#xF3;n</subfield>
    <subfield code="2">n</subfield>
  </datafield>
  <datafield tag="338" ind1=" " ind2=" ">
    <subfield code="a">rdacarrier</subfield>
    <subfield code="b">volumen</subfield>
    <subfield code="2">nc</subfield>
  </datafield>
  <datafield tag="504" ind1=" " ind2=" ">
    <subfield code="a">Bibliograf&#xED;a p&#xE1;gina , 55</subfield>
  </datafield>
  <datafield tag="505" ind1="2" ind2=" ">
    <subfield code="t">Uso del mult&#xED;metro (tester) --</subfield>
    <subfield code="t">Resistencias - conexiones serie, paralelo y serie - paralelo --</subfield>
    <subfield code="t">Ley de OHM: Circuito en serie --</subfield>
    <subfield code="t">Ley de OHM: circuito en paralelo --</subfield>
    <subfield code="t">Ley de OHM: circuito en paralelo --</subfield>
    <subfield code="t">Leyes de Kirchhoff --</subfield>
    <subfield code="t">Potencia --</subfield>
    <subfield code="t">Transformadores --</subfield>
    <subfield code="t">Diodos semiconductores, rectificador de media onda y onda completa --</subfield>
    <subfield code="t">Transistor --</subfield>
    <subfield code="t">Circuitos integrados --</subfield>
    <subfield code="t">Bibliograf&#xED;a /</subfield>
  </datafield>
  <datafield tag="590" ind1=" " ind2=" ">
    <subfield code="a">Inventariado, 2023/ YL</subfield>
  </datafield>
  <datafield tag="650" ind1=" " ind2="4">
    <subfield code="a">Ingenier&#xED;a el&#xE9;ctrica </subfield>
    <subfield code="v">Manuales de laboratorio</subfield>
    <subfield code="9">10504</subfield>
  </datafield>
  <datafield tag="700" ind1="1" ind2="2">
    <subfield code="a">Sbriz Zeitun, Giuseppe</subfield>
    <subfield code="9">75883</subfield>
  </datafield>
  <datafield tag="910" ind1=" " ind2=" ">
    <subfield code="a">YLockward</subfield>
  </datafield>
  <datafield tag="942" ind1=" " ind2=" ">
    <subfield code="2">ddc</subfield>
    <subfield code="c">LBS1</subfield>
  </datafield>
  <datafield tag="952" ind1=" " ind2=" ">
    <subfield code="0">0</subfield>
    <subfield code="1">0</subfield>
    <subfield code="2">ddc</subfield>
    <subfield code="5">1</subfield>
    <subfield code="7">0</subfield>
    <subfield code="8">PD</subfield>
    <subfield code="a">BNPHU</subfield>
    <subfield code="b">BNPHU</subfield>
    <subfield code="c">CT</subfield>
    <subfield code="d">2019-09-12</subfield>
    <subfield code="e">Maria Cristina Di&#xE1;z</subfield>
    <subfield code="l">0</subfield>
    <subfield code="o">BNPHU PD 621.3 G643f</subfield>
    <subfield code="p">2023-0614</subfield>
    <subfield code="r">2023-02-03</subfield>
    <subfield code="w">2023-02-03</subfield>
    <subfield code="y">LBS1</subfield>
  </datafield>
  <datafield tag="952" ind1=" " ind2=" ">
    <subfield code="0">0</subfield>
    <subfield code="1">0</subfield>
    <subfield code="2">ddc</subfield>
    <subfield code="5">1</subfield>
    <subfield code="7">0</subfield>
    <subfield code="8">PD</subfield>
    <subfield code="a">BNPHU</subfield>
    <subfield code="b">BNPHU</subfield>
    <subfield code="c">CT</subfield>
    <subfield code="d">2025-11-27</subfield>
    <subfield code="e">donaci&#xF3;n</subfield>
    <subfield code="l">0</subfield>
    <subfield code="o">BNPHU PD 621.3 G643f</subfield>
    <subfield code="p">2025-13563</subfield>
    <subfield code="r">2025-11-27</subfield>
    <subfield code="t">e.2</subfield>
    <subfield code="w">2025-11-27</subfield>
    <subfield code="y">LBS1</subfield>
    <subfield code="z">Intec</subfield>
  </datafield>
  <datafield tag="999" ind1=" " ind2=" ">
    <subfield code="c">53122</subfield>
    <subfield code="d">53122</subfield>
  </datafield>
</record>
